header

Unequal justice (Record no. 67359)

MARC details
000 -LEADER
fixed length control field 01233nam a2200313Ia 4500
100 1# - MAIN ENTRY--AUTHOR NAME
Personal name Auerbach, Jerold S.
245 10 - TITLE STATEMENT
Title Unequal justice
260 ## - PUBLICATION, DISTRIBUTION, ETC. (IMPRINT)
Place of publication New York :
Name of publisher Oxford University Press,
Year of publication 1976.
300 ## - PHYSICAL DESCRIPTION
Number of Pages xiii, 395 p.
650 #0 - SUBJECT ADDED ENTRY--TOPICAL TERM
Topical Term Practice of law
Topical Term Lawyers
Topical Term Sociological jurisprudence.
856 40 - ELECTRONIC LOCATION AND ACCESS
Uniform Resource Identifier http://site.ebrary.com/lib/rucke/Doc?id=10087526

No items available.

© 2026 Rongo University
Contact us: librarian | system librarian | Rongo university